| 000 | 00860 a2200253 4500 | ||
|---|---|---|---|
| 020 | _a1-55860-505-3 | ||
| 040 | _aDLC | ||
| 082 | _a004.66 | ||
| 082 | _a004.66 | ||
| 100 | 1 | _aDavie, Bruce S. | |
| 245 | 0 | 0 |
_aSwitching in IP networks: IP switching, tag switching and related technologies _bIP switching, tag switching and related technologies / _cBruce Davie, Paul Doolan, Yakov Rekhter |
| 260 |
_aSan Francisco, Calif. : _bM. Kaufmann, _ccop. 1998 |
||
| 300 |
_axv, 255 s. : _bill. |
||
| 440 | 4 | _aThe Morgan Kaufmann series in networking, | |
| 650 | 0 | _aInternet (Computer network) | |
| 650 | 0 |
_aTelecommunication _xSwitching systems |
|
| 650 | 0 | _aInternetworking (Telecommunication) | |
| 650 | 0 | _aInternet | |
| 650 | 0 | _aNetwork | |
| 650 | 0 | _aTelecommunication | |
| 700 | 1 | _aDoolan, Paul | |
| 700 | 1 | _aRekhter, Yakov | |
| 942 |
_cBK _k004.66 DAV _2ddc |
||
| 999 |
_c5725 _d5725 |
||